• 首页
  • 本馆介绍
  • 公告通知
  • 最新文献
  • 馆藏检索
  • 电子资源
  • 读者导购
  • 参考咨询
  • 我的图书馆
  • 登录
  • 详细信息显示
  • 放入我的书架
  • 预约/预借图书
  • 作者相关作品
  • 分类相关作品
  • 丛书相关作品
  • 出版社相关作品

书目信息

  • 表格格式
  • 工作单格式
  • 卡片格式
题名:
医学专题讲座选
    
 
作者: ;第三军医大学《传染病临床讲座》编写组 编
分册: 二   传染病临床讲座
出版信息: 北京   战士出版社  1980
页数: 274页
开本: 25cm
丛书名:
单 册:
中图分类: R181
科图分类:
主题词: 传染病--文集 , 医学--文集 , 流行病学 , 防疫
电子资源:
ISBN:
000 00863nam0 2200277 45
001 0180009342
005 20061121144232.78
010    @dCNY1.80
091    @aCN@b14185.4
100    @a19950628d1980 em y0chiy0121 ea
101 0  @achi
102    @aCN@b110000
105    @ay z 000yy
200 10 @a医学专题讲座选@Ayi xue zhuan ti jiang zuo xuan@h二@i传染病临床讲座@f第三军医大学《传染病临床讲座》编写组编
210    @a北京@c战士出版社@d1980
215    @a274页@d25cm
517 1  @a传染病临床讲座@Achuan ran bing lin chuang jiang zuo
606    @a传染病@x文集
606    @a医学@x文集
606 0  @a流行病学
606 0  @a防疫
690    @aR181@v3
711 02 @a第三军医大学《传染病临床讲座》编写组@Adi san jun yi da xue chuan ran bing lin chuang jiang zuo bian xie zu@4编
801  2 @aCN@bNLC@c20061121
801  0 @aCN@bTSSF
905    @a10447@dR181@e32
    
    医学专题讲座选.二.传染病临床讲座/第三军医大学《传染病临床讲座》编写组编.-北京:战士出版社,1980
    274页;25cm
    
    
    ISBN :CNY1.80
    
●
相关链接 在E读中查询图书 在五车中查询图书 在当当中查询图书 在豆瓣中查询图书


正题名:医学专题讲座选     索取号:R181/32         预约/预借

序号 登录号 条形码 馆藏地/架位号 状态 备注
1 0074186   202269348   第二样本阅览室/ [索取号:R181/32] 在馆    
唐山师范学院图书馆 欢迎您!
大连网信软件有限公司© 版权所有